|
|
|
|
| LEADER |
02808nam a22003853i 4500 |
| 001 |
EBC30499571 |
| 003 |
MiAaPQ |
| 005 |
20231204023230.0 |
| 006 |
m o d | |
| 007 |
cr cnu|||||||| |
| 008 |
231204s2011 xx o ||||0 eng d |
| 020 |
|
|
|a 9780472900350
|q (electronic bk.)
|
| 020 |
|
|
|z 9780472051403
|
| 035 |
|
|
|a (MiAaPQ)EBC30499571
|
| 035 |
|
|
|a (Au-PeEL)EBL30499571
|
| 040 |
|
|
|a MiAaPQ
|b eng
|e rda
|e pn
|c MiAaPQ
|d MiAaPQ
|
| 050 |
|
4 |
|a PR468
|
| 082 |
0 |
|
|a 820.9/356
|
| 100 |
1 |
|
|a Ketabgian, Tamara S.
|
| 245 |
1 |
4 |
|a The Lives of Machines :
|b The Industrial Imaginary in Victorian Literature and Culture.
|
| 250 |
|
|
|a 1st ed.
|
| 264 |
|
1 |
|a Ann Arbor :
|b University of Michigan Press,
|c 2011.
|
| 264 |
|
4 |
|c Ã2011.
|
| 300 |
|
|
|a 1 online resource (464 pages)
|
| 336 |
|
|
|a text
|b txt
|2 rdacontent
|
| 337 |
|
|
|a computer
|b c
|2 rdamedia
|
| 338 |
|
|
|a online resource
|b cr
|2 rdacarrier
|
| 505 |
0 |
|
|a Intro -- Cover -- Dedication -- Acknowledgments -- Introduction -- Prosthesis -- Chapter 1: Human Parts and Prosthetic Networks: The Victorian Factory and Mesmeric Forces Chapter 1: Human Parts and Prosthetic Networks: The Victorian Factory and Mesmeric Forces -- Animal Machine -- Chapter 2: "Melancholy Mad Elephants": Affect and the Animal Machine in Hard Times Chapter 2: "Melancholy Mad Elephants": Affect and the Animal Machine in Hard Times -- Chapter 3: Brute Appetites: Labor and Leisure in Mary Barton and Early Victorian Manchester Chapter 3: Brute Appetites: Labor and Leisure in Mary Barton and Early Victorian Manchester -- Energy System -- Chapter 4: Psychic Forces: Steam, Water, and Mechanical Perception in The Mill on the Floss Chapter 4: Psychic Forces: Steam, Water, and Mechanical Perception in The Mill on the Floss -- Chapter 5: A "Musical Steam Engine": Sympathy, Technique, and Industrial Community Chapter 5: A "Musical Steam Engine": Sympathy, Technique, and Industrial Community -- Afterword -- Notes -- Bibliography -- Primary Sources: Novels and Fiction Primary Sources: Novels and Fiction -- Other Primary Sources Other Primary Sources -- Secondary Sources Secondary Sources -- Index.
|
| 520 |
|
|
|a Expanded views of the connection between humans and machines in the Victorian era.
|
| 588 |
|
|
|a Description based on publisher supplied metadata and other sources.
|
| 590 |
|
|
|a Electronic reproduction. Ann Arbor, Michigan : ProQuest Ebook Central, 2023. Available via World Wide Web. Access may be limited to ProQuest Ebook Central affiliated libraries.
|
| 655 |
|
4 |
|a Electronic books.
|
| 776 |
0 |
8 |
|i Print version:
|a Ketabgian, Tamara S.
|t The Lives of Machines
|d Ann Arbor : University of Michigan Press,c2011
|z 9780472051403
|
| 797 |
2 |
|
|a ProQuest (Firm)
|
| 856 |
4 |
0 |
|u https://ebookcentral.proquest.com/lib/matrademy/detail.action?docID=30499571
|z Click to View
|